000 00295nam a2200109Ia 4500
008 190912s9999||||xx |||||||||||||| ||und||
100 _aDominick Salvatore
245 0 _aSchaum's Outlines of Theory And Problems of Macroeconomics
260 _aUSA
_bMcGraw-Hill
_c1992
300 _a364
942 _cBK
999 _c7828
_d7828